000
00222nam a22000857a 4500
008
160915b xxu||||| |||| 00| 0 eng d
100
_9
500
_a
Aggarwal.M.L
245
_a
Mathematics-Q.B
260
_a
New Delhi
_b
APC Publications
_c
2011
999
_c
3157
_d
3157